Terminology Work in the Chosen Field of Study: Air Traffic Services diplomová práca

Saved in:
Bibliographic Details
Main Author: Magnová, Gréta
Corporate Author: Fakulta aplikovaných jazykov EU v Bratislave. Katedra jazykovedy a translatológie
Other Authors: Štefčík, Jozef, 1976-
Format: Book
Language:English
Published: Bratislava 2024
Tags: Add Tag
No Tags, Be the first to tag this record!

MARC

LEADER 00000nbm a2200000 4500
001 0300564
005 20250919120122.0
041 0 |a eng 
044 |a SK 
245 1 0 |a Terminology Work in the Chosen Field of Study: Air Traffic Services  |b diplomová práca  |c Gréta Magnová ; školiteľ: Jozef Štefčík 
264 1 |a Bratislava  |c 2024 
300 |a 121 s. 
100 1 |a Magnová, Gréta 
700 1 |a Štefčík, Jozef, 1976- 
710 2 |a Fakulta aplikovaných jazykov EU v Bratislave. Katedra jazykovedy a translatológie